[Event "Rated Blitz game"]
[Site "?"]
[Date "2021.05.19"]
[Round "?"]
[White "Quepaseelquesigue"]
[Black "KinzyabulatovRenat"]
[Result "1-0"]
[WhiteElo "2477"]
[BlackElo "2396"]
[PlyCount "89"]
[EventDate "2021.??.??"]
[EventType "blitz"]

1. e4 e5 2. Nf3 d5 3. exd5 e4 4. Qe2 Nf6 5. d3 Qxd5 6. Nbd2 Nc6 7. dxe4 Qh5 8.
h3 Bc5 9. Qb5 a6 10. Qc4 Be6 11. g4 Nxg4 12. hxg4 Bxf2+ 13. Kxf2 Qxh1 14. Bg2
Qd1 15. Qc5 O-O-O 16. Nb3 Bxg4 17. Bg5 Qd7 18. Bxd8 Rxd8 19. Re1 f6 20. Qe3 g5
21. Nc5 Qe7 22. Qc3 Ne5 23. Nxe5 fxe5 24. Nd3 Rd4 25. Kg1 h5 26. Rf1 h4 27. Qa5
h3 28. Qxe5 Qxe5 29. Nxe5 hxg2 30. Rf8+ Rd8 31. Rxd8+ Kxd8 32. Nxg4 Ke7 33.
Kxg2 Ke6 34. Ne3 Ke5 35. Kf3 g4+ 36. Nxg4+ Kd4 37. Ne3 c6 38. Kf4 b5 39. e5 Kc5
40. e6 Kd6 41. Kf5 Ke7 42. Ke5 a5 43. Nf5+ Ke8 44. Kd6 Kf8 45. e7+ {Normal} 1-0

[Event "Rated Blitz game"]
[Site "?"]
[Date "2021.05.19"]
[Round "?"]
[White "suslik76"]
[Black "CarlitosCL"]
[Result "1-0"]
[WhiteElo "2403"]
[BlackElo "2295"]
[PlyCount "51"]
[EventDate "2021.??.??"]
[EventType "blitz"]

1. e4 e5 2. Nf3 d5 3. exd5 Qxd5 4. Nc3 Qe6 5. Bb5+ Bd7 6. O-O Bxb5 7. Nxb5 Bd6
8. d4 f6 9. Re1 Ne7 10. dxe5 fxe5 11. Bf4 Nd7 12. Nfd4 Qf7 13. Nxd6+ cxd6 14.
Nb5 O-O 15. Bg3 d5 16. Qd2 a6 17. Nc3 d4 18. Ne4 Nf5 19. c3 Nxg3 20. hxg3 dxc3
21. Qxc3 Rac8 22. Qb3 Qxb3 23. axb3 Nc5 24. Nxc5 Rxc5 25. Rac1 Kh8 26. Rxc5 {
Normal} 1-0

[Event "Rated Blitz game"]
[Site "?"]
[Date "2021.05.19"]
[Round "?"]
[White "Ute-Manfred"]
[Black "DonCroccante"]
[Result "1-0"]
[WhiteElo "2566"]
[BlackElo "2433"]
[PlyCount "57"]
[EventDate "2021.??.??"]
[EventType "blitz"]

1. e4 e5 2. Nf3 d5 3. exd5 e4 4. Qe2 Nf6 5. d3 Qxd5 6. Nbd2 Qa5 7. dxe4 a6 8.
c3 Nc6 9. Nc4 Qh5 10. h3 Be6 11. Ng5 Bxc4 12. Qxh5 Nxh5 13. Bxc4 Ne5 14. Be2
Nf6 15. f4 Nc6 16. e5 Nd5 17. Bc4 Rd8 18. O-O h6 19. Ne4 Be7 20. Bxd5 Rxd5 21.
Be3 O-O 22. Rad1 Rfd8 23. Rxd5 Rxd5 24. Kf2 Ra5 25. a3 Rb5 26. b4 a5 27. Rd1
Kf8 28. Rd7 Bd8 29. c4 {Normal} 1-0

[Event "Rated Blitz game"]
[Site "?"]
[Date "2021.05.19"]
[Round "?"]
[White "HeikoWestermann4"]
[Black "jflup"]
[Result "1-0"]
[WhiteElo "2334"]
[BlackElo "2440"]
[PlyCount "43"]
[EventDate "2021.??.??"]
[EventType "blitz"]

1. e4 e5 2. Nf3 d5 3. d4 dxe4 4. Nxe5 Nd7 5. Nc4 Ngf6 6. Nc3 Be7 7. Be2 O-O 8.
O-O Nb6 9. Ne5 Nbd5 10. Nxd5 Nxd5 11. c4 Nb6 12. a4 f6 13. a5 fxe5 14. axb6
Qxd4 15. bxa7 Be6 16. Be3 Qxd1 17. Rfxd1 b6 18. Rdb1 Bb4 19. Ra4 c5 20. Ra6
Rfd8 21. Rxb6 Rxa7 22. Rxb4 {Normal} 1-0

[Event "Rated Blitz game"]
[Site "?"]
[Date "2021.05.19"]
[Round "?"]
[White "Licenciadomate"]
[Black "CarlitosCL"]
[Result "1-0"]
[WhiteElo "2413"]
[BlackElo "2292"]
[PlyCount "51"]
[EventDate "2021.??.??"]
[EventType "blitz"]

1. e4 e5 2. Nf3 d5 3. exd5 Qxd5 4. Nc3 Qe6 5. Be2 Bd6 6. O-O Ne7 7. d4 exd4 8.
Nxd4 Qf6 9. Ndb5 O-O 10. Ne4 Bxh2+ 11. Kxh2 Qc6 12. Ng3 a6 13. Nd4 Qf6 14. Kg1
Rd8 15. c3 c5 16. Nh5 Qb6 17. Bg5 cxd4 18. Bxe7 Re8 19. Ba3 dxc3 20. bxc3 Qa5
21. Bb4 Qg5 22. Ng3 Nc6 23. Bf3 Be6 24. Re1 Rad8 25. Qc1 Nxb4 26. Qxg5 {Normal}
1-0

[Event "Rated Blitz game"]
[Site "?"]
[Date "2021.05.19"]
[Round "?"]
[White "Kramnick95"]
[Black "DonCroccante"]
[Result "0-1"]
[WhiteElo "2516"]
[BlackElo "2458"]
[PlyCount "50"]
[EventDate "2021.??.??"]
[EventType "blitz"]

1. e4 e5 2. Nf3 d5 3. Nxe5 Bd6 4. d4 dxe4 5. Nc4 Nf6 6. Nc3 Nc6 7. Be2 h6 8.
Be3 Bf5 9. g4 Bg6 10. h4 Qe7 11. g5 hxg5 12. Bxg5 O-O-O 13. Bg4+ Kb8 14. Nd5
Bb4+ 15. Nxb4 Qxb4+ 16. Nd2 Qxb2 17. Rb1 Qxd4 18. Be3 Qe5 19. Be2 Nd4 20. h5
Bxh5 21. Bxh5 Rxh5 22. Rxh5 Nxh5 23. Nc4 Nf3+ 24. Qxf3 Qc3+ 25. Bd2 Qxf3 {
Normal} 0-1

[Event "Rated Blitz game"]
[Site "?"]
[Date "2021.05.19"]
[Round "?"]
[White "Maybach77"]
[Black "CreepyMovez"]
[Result "1-0"]
[WhiteElo "2428"]
[BlackElo "2266"]
[PlyCount "57"]
[EventDate "2021.??.??"]
[EventType "blitz"]

1. e4 e5 2. Nf3 d5 3. exd5 e4 4. Qe2 Nf6 5. d3 Bd6 6. dxe4 O-O 7. Nc3 Re8 8.
Bg5 Bg4 9. O-O-O Nbd7 10. h3 Bh5 11. Qc4 a6 12. g4 Bg6 13. Nh4 h6 14. Bxf6 Qxf6
15. Nf5 Be5 16. Bd3 Rab8 17. Kb1 b5 18. Qb3 Nc5 19. Qb4 Na4 20. Ne2 Bxb2 21. f4
Bc3 22. Qb3 Bxf5 23. gxf5 Ba5 24. e5 Qb6 25. Rhg1 Nc5 26. Qb2 Nxd3 27. cxd3 Qe3
28. e6 f6 29. Qxf6 {Normal} 1-0

[Event "Rated Blitz game"]
[Site "?"]
[Date "2021.05.19"]
[Round "?"]
[White "peppie23"]
[Black "annaly1979"]
[Result "1-0"]
[WhiteElo "2552"]
[BlackElo "2405"]
[PlyCount "125"]
[EventDate "2021.??.??"]
[EventType "blitz"]

1. e4 e5 2. Nf3 d5 3. exd5 e4 4. Qe2 f5 5. d3 Nf6 6. dxe4 fxe4 7. c4 c6 8. Nc3
Bb4 9. Bd2 O-O 10. Nd4 Bg4 11. Qe3 Bc5 12. Na4 Bxd4 13. Qxd4 cxd5 14. cxd5 Nc6
15. Qc5 Ne5 16. Bc3 Nd3+ 17. Bxd3 exd3 18. O-O Nxd5 19. Rfe1 Be2 20. Bd2 b6 21.
Qd4 Kh8 22. Rac1 Qd7 23. Nc3 Rad8 24. Nxe2 dxe2 25. Rxe2 Qf5 26. Qe4 Qf6 27. b3
h6 28. h3 Qb2 29. Bxh6 Nf6 30. Rxb2 Nxe4 31. Be3 Rf7 32. Rbc2 Rfd7 33. g3 Rd3
34. Kg2 R8d7 35. h4 Kh7 36. Rc7 Kg6 37. Rxd7 Rxd7 38. Rc6+ Kf7 39. Kf3 Nf6 40.
g4 Rb7 41. h5 Nd5 42. g5 Ne7 43. Rd6 Nf5 44. Rd5 g6 45. h6 Ke6 46. Rd3 Rh7 47.
Bf4 Rf7 48. Rd2 Nh4+ 49. Kg4 Nf5 50. Re2+ Kd7 51. Be5 Ne7 52. Bf6 Nd5 53. Rd2
Ke6 54. Rd4 Nxf6+ 55. gxf6 Kxf6 56. Re4 Rh7 57. Rf4+ Ke5 58. Re4+ Kxe4 59. f3+
Ke5 60. Kg5 Rf7 61. Kxg6 Rxf3 62. Kh5 Rh3+ 63. Kg6 {Time forfeit} 1-0

[Event "Rated Blitz game"]
[Site "?"]
[Date "2021.05.19"]
[Round "?"]
[White "Ohpdog1"]
[Black "Polyclinical"]
[Result "0-1"]
[WhiteElo "2636"]
[BlackElo "2816"]
[PlyCount "92"]
[EventDate "2021.??.??"]
[EventType "blitz"]

1. e4 e5 2. Nf3 d5 3. d4 dxe4 4. Nxe5 Bd6 5. Nc3 Nf6 6. Bc4 Bxe5 7. dxe5 Qxd1+
8. Nxd1 Ng4 9. Bf4 Nc6 10. Bb5 Bd7 11. Bxc6 Bxc6 12. h3 Nh6 13. Ne3 Ng8 14. Nf5
g6 15. Nd4 Ne7 16. e6 O-O-O 17. Be5 Rhf8 18. Bg7 Rg8 19. Bf6 fxe6 20. Nxc6 Nxc6
21. Bxd8 Rxd8 22. Rd1 Rd5 23. O-O Nb4 24. c3 Nd3 25. Rd2 Kd7 26. Rfd1 Kd6 27.
f3 Nxb2 28. fxe4 Nxd1 29. exd5 Nxc3 30. dxe6+ Kxe6 31. Rc2 Nd5 32. Kf2 b6 33.
Kf3 c5 34. Re2+ Kd6 35. Kg4 c4 36. Kg5 b5 37. a3 a5 38. Kh6 b4 39. axb4 axb4
40. Kxh7 b3 41. Kxg6 Nf4+ 42. Kf5 Nxe2 43. Ke4 b2 44. Ke3 b1=Q 45. Kxe2 Qd3+
46. Kf2 c3 {Normal} 0-1

[Event "Rated Blitz game"]
[Site "?"]
[Date "2021.05.19"]
[Round "?"]
[White "PKS-1988"]
[Black "DonCroccante"]
[Result "0-1"]
[WhiteElo "2390"]
[BlackElo "2420"]
[PlyCount "36"]
[EventDate "2021.??.??"]
[EventType "blitz"]

1. e4 e5 2. Nf3 d5 3. Nxe5 Bd6 4. d4 dxe4 5. Nc4 Nf6 6. Nxd6+ Qxd6 7. Be2 Nc6
8. c3 Bf5 9. Nd2 O-O-O 10. Nc4 Qe6 11. O-O h5 12. Ne3 g5 13. Nxf5 Qxf5 14. b4
g4 15. a4 Ne5 16. Qb3 Nf3+ 17. Bxf3 gxf3 18. Qxf7 Qg4 {Normal} 0-1

[Event "Rated Rapid game"]
[Site "?"]
[Date "2021.05.19"]
[Round "?"]
[White "agus2800"]
[Black "Delyvj"]
[Result "0-1"]
[WhiteElo "2368"]
[BlackElo "2466"]
[PlyCount "156"]
[EventDate "2021.??.??"]
[EventType "rapid"]

1. e4 e5 2. Nf3 d5 3. exd5 e4 4. Ne5 Qxd5 5. d4 exd3 6. Nxd3 Bf5 7. Nc3 Qd7 8.
Be2 Nc6 9. O-O O-O-O 10. Bf4 Bd6 11. Bxd6 Qxd6 12. Nb5 Qd7 13. a4 Nf6 14. Bf3
Kb8 15. Bxc6 Qxc6 16. Qc1 a6 17. Nc3 Bxd3 18. cxd3 Rxd3 19. Qg5 g6 20. Rfc1 Ne4
21. Qe5 Re8 22. Qg7 Nxc3 23. bxc3 Red8 24. Qxf7 Qxc3 25. h3 Qe5 26. Qxh7 g5 27.
Re1 Qd4 28. Rac1 Qb6 29. Qf5 Rd2 30. a5 Qd4 31. Qf7 Qd6 32. Qf3 Rf8 33. Qe3
Rdxf2 34. Qxf2 Rxf2 35. Kxf2 Qd2+ 36. Kg1 Qxa5 37. Kh1 Qd2 38. Red1 Qf4 39. Rf1
Qg3 40. Rf3 Qd6 41. Rcf1 Ka7 42. Rf6 Qg3 43. R6f3 Qe5 44. Rf5 Qe2 45. R5f2 Qc4
46. Rf3 g4 47. Rf4 Qb5 48. hxg4 a5 49. Rf5 Qb4 50. R1f4 Qe1+ 51. Kh2 b6 52. g5
Qd1 53. g4 Qd6 54. Rf6 Qe5 55. g6 Qg5 56. Kg3 Kb7 57. R4f5 Qe3+ 58. Kh4 Qe7 59.
g5 a4 60. Rf7 Qe1+ 61. Kg4 Qe2+ 62. Kh4 Qh2+ 63. Kg4 a3 64. g7 Qh7 65. R5f6 a2
66. g6 Qg8 67. Rf1 b5 68. Kg5 b4 69. Kh6 b3 70. Rf8 Qxg7+ 71. Kxg7 b2 72. Kh7
b1=Q 73. Kh8 Qxg6 74. Rb8+ Kxb8 75. Rf8+ Ka7 76. Ra8+ Kb7 77. Rb8+ Ka6 78. Rb6+
Qxb6 {Time forfeit} 0-1

[Event "Rated Blitz game"]
[Site "?"]
[Date "2021.05.19"]
[Round "?"]
[White "D1mka"]
[Black "KinzyabulatovRenat"]
[Result "1-0"]
[WhiteElo "2413"]
[BlackElo "2406"]
[PlyCount "47"]
[EventDate "2021.??.??"]
[EventType "blitz"]

1. e4 e5 2. Nf3 d5 3. exd5 e4 4. Ne5 Qxd5 5. d4 exd3 6. Nxd3 Nc6 7. Nc3 Qa5 8.
Bd2 Bf5 9. Qe2+ Be7 10. O-O-O O-O-O 11. Qf3 Nd4 12. Qg3 Bf6 13. Kb1 Ne7 14. a3
Qb6 15. Be3 Nec6 16. f3 Qa5 17. Qf2 Rhe8 18. h4 h5 19. Bd2 Qa6 20. g4 hxg4 21.
fxg4 Bxg4 22. Ne5 Qb6 23. Nxg4 Be7 24. Na4 {Normal} 1-0

[Event "Rated Blitz game"]
[Site "?"]
[Date "2021.05.19"]
[Round "?"]
[White "dubic"]
[Black "Razario90"]
[Result "1-0"]
[WhiteElo "2478"]
[BlackElo "2440"]
[PlyCount "117"]
[EventDate "2021.??.??"]
[EventType "blitz"]

1. e4 e5 2. Nf3 d5 3. d4 dxe4 4. Nxe5 Bd6 5. Nc4 Be7 6. Nc3 Nf6 7. Bg5 O-O 8.
Qd2 h6 9. Bh4 c6 10. O-O-O b5 11. Ne5 b4 12. Na4 Nd5 13. Bxe7 Qxe7 14. Bc4 Nb6
15. Bb3 Be6 16. Nc5 Bxb3 17. axb3 N6d7 18. Ncxd7 Nxd7 19. Nxc6 Qd6 20. Nxb4 a5
21. Na2 Rfc8 22. Kb1 a4 23. b4 a3 24. b3 Nf6 25. c4 Re8 26. h3 Rad8 27. b5 Qe6
28. Rhe1 Qf5 29. Qc2 Qf4 30. Re3 Qg5 31. g3 Qf5 32. g4 Qf4 33. b6 Rc8 34. Qd2
Rb8 35. c5 Nd5 36. Rg3 Qf6 37. g5 hxg5 38. Qxg5 Qxg5 39. Rxg5 Red8 40. Re5 f6
41. Rxe4 Re8 42. Rxe8+ Rxe8 43. b7 Kf7 44. Kc2 Rb8 45. c6 Ke7 46. Nc3 Nb4+ 47.
Kb1 Kd6 48. d5 Re8 49. Nb5+ Kc5 50. Nxa3 Nxd5 51. Rxd5+ Kxd5 52. c7 Re1+ 53.
Kb2 Re2+ 54. Nc2 Rxf2 55. c8=Q Ke4 56. b8=Q Kf3 57. Qf5+ Kg2 58. Qxf2+ Kxf2 59.
Qf8 {Normal} 1-0

[Event "Rated Blitz game"]
[Site "?"]
[Date "2021.05.19"]
[Round "?"]
[White "Sensei900"]
[Black "AlaEldin"]
[Result "1-0"]
[WhiteElo "2427"]
[BlackElo "2324"]
[PlyCount "55"]
[EventDate "2021.??.??"]
[EventType "blitz"]

1. e4 e5 2. Nf3 d5 3. exd5 e4 4. Qe2 Nf6 5. Nc3 Be7 6. Nxe4 O-O 7. d3 Nxd5 8.
Bd2 Re8 9. O-O-O f5 10. Ng3 Bf6 11. Qxe8+ Qxe8 12. c4 Nb6 13. Re1 Be6 14. d4 c6
15. Nxf5 Na6 16. Nd6 Qd7 17. c5 Bd5 18. Ne5 Bxe5 19. Rxe5 Rf8 20. Bd3 Nc8 21.
Bf5 Qc7 22. Bxc8 Rxc8 23. Rhe1 Rf8 24. Re7 Qb8 25. g3 Nc7 26. Bf4 Rxf4 27. gxf4
Qf8 28. f5 {Time forfeit} 1-0

[Event "Rated Blitz game"]
[Site "?"]
[Date "2021.05.19"]
[Round "?"]
[White "chessnightmare"]
[Black "jsequera"]
[Result "0-1"]
[WhiteElo "2396"]
[BlackElo "2482"]
[PlyCount "42"]
[EventDate "2021.??.??"]
[EventType "blitz"]

1. e4 e5 2. Nf3 d5 3. Nxe5 Bd6 4. d4 dxe4 5. Bc4 Bxe5 6. Qh5 Qe7 7. Qxe5 Qxe5
8. dxe5 Nc6 9. Bf4 Nge7 10. Bg3 Ng6 11. Bb5 Bd7 12. Nc3 Ncxe5 13. Bxd7+ Kxd7
14. Nxe4 Rhe8 15. O-O-O+ Kc6 16. Rhe1 f5 17. Nc3 f4 18. Nd5 fxg3 19. Nb4+ Kb5
20. c3 gxf2 21. Rd5+ c5 {Normal} 0-1

[Event "Rated Blitz game"]
[Site "?"]
[Date "2021.05.19"]
[Round "?"]
[White "IsaacSpence"]
[Black "annaly1979"]
[Result "1-0"]
[WhiteElo "2477"]
[BlackElo "2399"]
[PlyCount "53"]
[EventDate "2021.??.??"]
[EventType "blitz"]

1. e4 e5 2. Nf3 d5 3. exd5 e4 4. Qe2 f5 5. d3 Nf6 6. Nbd2 Be7 7. dxe4 fxe4 8.
Nxe4 Nxe4 9. Qxe4 O-O 10. Be2 Bf5 11. Qc4 Bd6 12. Be3 Nd7 13. O-O-O b5 14. Qh4
Be7 15. Bg5 Bxg5+ 16. Qxg5 Qb8 17. Nd4 Bg6 18. Ne6 Rxf2 19. Rde1 Nf6 20. h4 Ne4
21. Qe7 Rf7 22. Qb4 Ng3 23. Rh3 Nxe2+ 24. Rxe2 a5 25. Qd4 Rf1+ 26. Kd2 Qb6 27.
Qxg7# {Normal} 1-0

[Event "Rated Blitz game"]
[Site "?"]
[Date "2021.05.19"]
[Round "?"]
[White "bebeto80"]
[Black "RJF72"]
[Result "1-0"]
[WhiteElo "2414"]
[BlackElo "2288"]
[PlyCount "51"]
[EventDate "2021.??.??"]
[EventType "blitz"]

1. e4 e5 2. Nf3 d5 3. exd5 Bd6 4. d3 f5 5. Nc3 Nf6 6. Bg5 O-O 7. Qd2 a6 8. h3
Nbd7 9. a3 Qe7 10. Be2 h6 11. Bh4 g5 12. Bg3 f4 13. Bh2 Nc5 14. Qd1 e4 15. dxe4
Ncxe4 16. Nxe4 Nxe4 17. O-O Bf5 18. Nd4 Bg6 19. Bh5 Qf6 20. Bxg6 Qxg6 21. Ne6
Rf7 22. Qd3 c6 23. c4 cxd5 24. cxd5 Bc5 25. Rae1 Rd8 26. Nxc5 {Normal} 1-0

[Event "Rated Blitz game"]
[Site "?"]
[Date "2021.05.19"]
[Round "?"]
[White "monty82"]
[Black "Razario90"]
[Result "1-0"]
[WhiteElo "2446"]
[BlackElo "2439"]
[PlyCount "61"]
[EventDate "2021.??.??"]
[EventType "blitz"]

1. e4 e5 2. Nf3 d5 3. exd5 e4 4. Qe2 Nf6 5. Nc3 Be7 6. Ng5 O-O 7. Ngxe4 Re8 8.
d3 Nxd5 9. Nxd5 Qxd5 10. Be3 f5 11. Nc3 Bb4 12. Qh5 Qe5 13. d4 Qe7 14. Bc4+ Be6
15. Bxe6+ Qxe6 16. O-O Bxc3 17. bxc3 c6 18. Bd2 Nd7 19. Rae1 Qf7 20. Qxf7+ Kxf7
21. f3 Nb6 22. Kf2 Nc4 23. Bf4 b5 24. h3 a5 25. g4 fxg4 26. hxg4 h6 27. Rxe8
Rxe8 28. Ra1 a4 29. Rd1 Nb6 30. Be5 Nc4 31. f4 {Time forfeit} 1-0

[Event "Rated Blitz game"]
[Site "?"]
[Date "2021.05.19"]
[Round "?"]
[White "Shirli-Mirli"]
[Black "annaly1979"]
[Result "0-1"]
[WhiteElo "2415"]
[BlackElo "2405"]
[PlyCount "63"]
[EventDate "2021.??.??"]
[EventType "blitz"]

1. e4 e5 2. Nf3 d5 3. Nxe5 Qe7 4. d4 f6 5. Nd3 Nc6 6. Nc3 Bf5 7. e5 O-O-O 8.
Bf4 Nxd4 9. Be2 Bxd3 10. Bxd3 fxe5 11. Bg3 Nf6 12. O-O Kb8 13. Re1 e4 14. Bf1
Nf5 15. Bf4 h6 16. Nb5 Nd6 17. Bxd6 Rxd6 18. Qd4 Rb6 19. a4 a6 20. a5 Rxb5 21.
Bxb5 axb5 22. a6 Qc5 23. a7+ Ka8 24. Qe5 Bd6 25. Qe6 Rf8 26. Re2 h5 27. h3 Qc4
28. Rae1 d4 29. Qf5 d3 30. cxd3 exd3 31. Rd2 Bb4 32. Qg6 {Normal} 0-1

[Event "Rated Blitz game"]
[Site "?"]
[Date "2021.05.19"]
[Round "?"]
[White "grandmaster0717"]
[Black "mukhIN_vladIK"]
[Result "0-1"]
[WhiteElo "2305"]
[BlackElo "2496"]
[PlyCount "72"]
[EventDate "2021.??.??"]
[EventType "blitz"]

1. e4 e5 2. Nf3 d5 3. exd5 e4 4. Ne5 Qxd5 5. d4 exd3 6. Nxd3 Nf6 7. Nc3 Qe6+ 8.
Be2 Nc6 9. O-O Bd7 10. Nf4 Qd6 11. Bc4 O-O-O 12. Qxd6 Bxd6 13. Bxf7 Rhf8 14.
Be6 Bxf4 15. Bxd7+ Nxd7 16. Bxf4 Rxf4 17. g3 Rf7 18. Kg2 Rdf8 19. f4 Nf6 20.
Rae1 Rd7 21. Re2 Rfd8 22. Rff2 b6 23. a3 Kb7 24. h3 Nd4 25. Rd2 c5 26. g4 Nd5
27. f5 Nxc3 28. bxc3 Nb5 29. Rxd7+ Rxd7 30. g5 Nxc3 31. f6 gxf6 32. gxf6 Rf7
33. Rf5 Ne4 34. Kf3 Nxf6 35. c4 Kc7 36. a4 Kd6 {Normal} 0-1

[Event "Rated Blitz game"]
[Site "?"]
[Date "2021.05.19"]
[Round "?"]
[White "Chisopa1"]
[Black "annaly1979"]
[Result "1-0"]
[WhiteElo "2411"]
[BlackElo "2412"]
[PlyCount "155"]
[EventDate "2021.??.??"]
[EventType "blitz"]

1. e4 e5 2. Nf3 d5 3. exd5 e4 4. Qe2 f5 5. d3 Nf6 6. Nc3 Bb4 7. Bg5 Bxc3+ 8.
bxc3 O-O 9. Bxf6 Qxf6 10. Nd4 c5 11. dxc6 Nxc6 12. Nb3 Qxc3+ 13. Qd2 Qe5 14. d4
Qf6 15. Bc4+ Kh8 16. O-O f4 17. f3 e3 18. Qd1 Bf5 19. c3 Rad8 20. Bd3 Bc8 21.
Nc5 Qg5 22. Ne4 Qh6 23. Qe2 Bf5 24. g4 fxg3 25. hxg3 Bh3 26. Rfe1 Rde8 27. Qxe3
Qg6 28. Kh2 Bf5 29. g4 Bc8 30. Qg5 Qf7 31. Be2 Rxe4 32. fxe4 Qf2+ 33. Kh3 h6
34. Qh4 Qe3+ 35. Qg3 Qxe4 36. Bc4 Qg6 37. Bd3 Qg5 38. Re4 h5 39. Rae1 Bxg4+ 40.
Kg2 a6 41. Re8 Qf6 42. Rxf8+ Qxf8 43. Qf2 Bh3+ 44. Kg1 Qc8 45. Qh4 Bg4 46. Qg5
Qf8 47. Qg6 Kg8 48. Qh7+ Kf7 49. Rf1+ Ke8 50. Rxf8+ Kxf8 51. Bc4 Na5 52. Qg8+
Ke7 53. Qxg7+ Kd6 54. Qe5+ Kd7 55. Qxa5 b5 56. Bd3 Kd6 57. Qxa6+ Ke7 58. Qxb5
Bd7 59. Qe5+ Kd8 60. d5 Bg4 61. d6 Kd7 62. Qe7+ Kc6 63. Qc7+ Kd5 64. d7 Bxd7
65. Qxd7+ Ke5 66. c4 Kf4 67. c5 Ke3 68. c6 h4 69. c7 h3 70. c8=Q h2+ 71. Kh1
Kd2 72. Qc2+ Ke3 73. Qh3+ Kd4 74. Qc4+ Ke5 75. Qh5+ Kd6 76. Qa6+ Kc7 77. Qh7+
Kb8 78. Qab7# {Normal} 1-0

[Event "Rated Blitz game"]
[Site "?"]
[Date "2021.05.19"]
[Round "?"]
[White "patzer001"]
[Black "KinzyabulatovRenat"]
[Result "1-0"]
[WhiteElo "2513"]
[BlackElo "2354"]
[PlyCount "135"]
[EventDate "2021.??.??"]
[EventType "blitz"]

1. e4 e5 2. Nf3 d5 3. d3 Nc6 4. exd5 Qxd5 5. Nc3 Bb4 6. Bd2 Bxc3 7. Bxc3 Nf6 8.
Be2 O-O 9. O-O Bg4 10. h3 Bh5 11. Re1 Rfe8 12. Ng5 Bxe2 13. Qxe2 Nd4 14. Bxd4
exd4 15. Ne4 Nd7 16. Qf3 Re5 17. Nd2 Qxf3 18. Nxf3 Rd5 19. Re7 Kf8 20. Rae1 Rd8
21. g4 c5 22. Nh4 g6 23. Ng2 b5 24. Nf4 Rd6 25. Kg2 a5 26. Kg3 c4 27. h4 h6 28.
g5 h5 29. Ng2 cxd3 30. cxd3 Rc8 31. R1e2 b4 32. f4 Rd5 33. Ne1 a4 34. R7e4 b3
35. axb3 axb3 36. Nf3 Rc2 37. Kf2 Nc5 38. Rxd4 Nxd3+ 39. Ke3 Rxe2+ 40. Kxe2
Rxd4 41. Nxd4 Nxf4+ 42. Kf3 Nd3 43. Nxb3 Nxb2 44. Nc5 Nc4 45. Kf4 Ke7 46. Ne4
Nd6 47. Nc3 Nf5 48. Nd5+ Ke6 49. Nf6 Nxh4 50. Ne4 Nf5 51. Nf6 Ng7 52. Ne4 Ke7
53. Kg3 Ne6 54. Kh4 Kd7 55. Nf6+ Kd6 56. Ng8 Ke5 57. Nh6 Nd8 58. Ng8 Kf4 59.
Nf6 Ne6 60. Nd5+ Ke5 61. Nf6 Kf5 62. Nh7 Nf4 63. Nf8 Ng2+ 64. Kh3 Ne3 65. Kh4
Nd5 66. Nd7 Nf4 67. Nf6 Ne6 68. Kh3 {Time forfeit} 1-0

[Event "Rated Blitz game"]
[Site "?"]
[Date "2021.05.19"]
[Round "?"]
[White "LOurecelEc0t"]
[Black "ekdubov"]
[Result "1-0"]
[WhiteElo "2400"]
[BlackElo "2274"]
[PlyCount "123"]
[EventDate "2021.??.??"]
[EventType "blitz"]

1. e4 e5 2. Nf3 d5 3. d4 dxe4 4. Nxe5 Nf6 5. Bc4 Be6 6. Bxe6 fxe6 7. O-O Nbd7
8. Qe2 Bd6 9. f4 exf3 10. Nxf3 Qe7 11. Re1 O-O 12. Qxe6+ Qxe6 13. Rxe6 Rae8 14.
Rxe8 Rxe8 15. Nc3 c5 16. Nb5 Bb8 17. Bg5 cxd4 18. Bxf6 Nxf6 19. Nbxd4 Bc7 20.
Re1 Rxe1+ 21. Nxe1 Bb6 22. Nef3 Ne4 23. c3 Nc5 24. Kf1 Na4 25. Ke2 Nxb2 26. Nd2
Na4 27. Kd3 Kf7 28. Ne4 Bc7 29. h3 a6 30. c4 Be5 31. Nf3 Bb8 32. c5 Ba7 33. Kc4
Nb2+ 34. Kd5 Ke7 35. Nd6 Nd3 36. Nxb7 Nf4+ 37. Ke4 Nxg2 38. Ne5 Bxc5 39. Nxc5
Kd6 40. Nxa6 Ne1 41. Nf3 Nc2 42. Kd3 Na3 43. Nd4 h5 44. Nb4 g5 45. Nbc2 Nxc2
46. Kxc2 Kd5 47. Kd3 g4 48. h4 g3 49. Ne2 g2 50. Ke3 Kc5 51. Kf2 g1=Q+ 52. Kxg1
Kb4 53. Ng3 Ka3 54. Nxh5 Kxa2 55. Nf4 Kb3 56. h5 Kc4 57. h6 Kd4 58. h7 Ke4 59.
h8=Q Kxf4 60. Qh5 Ke4 61. Kf2 Kd3 62. Qe5 {Time forfeit} 1-0

[Event "Rated Blitz game"]
[Site "?"]
[Date "2021.05.19"]
[Round "?"]
[White "NarNar"]
[Black "annaly1979"]
[Result "1-0"]
[WhiteElo "2410"]
[BlackElo "2397"]
[PlyCount "63"]
[EventDate "2021.??.??"]
[EventType "blitz"]

1. e4 e5 2. Nf3 d5 3. exd5 e4 4. Qe2 f5 5. d3 Nf6 6. Nbd2 Be7 7. dxe4 fxe4 8.
Nxe4 Nxe4 9. Qxe4 O-O 10. Be2 Bf6 11. O-O Kh8 12. c4 Nd7 13. Be3 b6 14. d6 Ba6
15. dxc7 Qxc7 16. Bd4 Nc5 17. Qg4 Rae8 18. Bxf6 Rxe2 19. Bc3 Re4 20. Qh5 Qf7
21. Qxf7 Rxf7 22. Ng5 Rfe7 23. Nxe4 Rxe4 24. Rfe1 Bxc4 25. Rxe4 Nxe4 26. Re1
Nxc3 27. Re8+ Bg8 28. bxc3 h6 29. Ra8 a5 30. Rb8 Kh7 31. Rxb6 Bxa2 32. Ra6 {
Normal} 1-0

[Event "Rated Blitz game"]
[Site "?"]
[Date "2021.05.19"]
[Round "?"]
[White "Vekhjartad"]
[Black "KinzyabulatovRenat"]
[Result "1-0"]
[WhiteElo "2425"]
[BlackElo "2350"]
[PlyCount "99"]
[EventDate "2021.??.??"]
[EventType "blitz"]

1. e4 e5 2. Nf3 d5 3. d3 Nc6 4. Nbd2 Nf6 5. Be2 Bc5 6. O-O a5 7. c3 O-O 8. Qc2
Bg4 9. b3 Re8 10. a3 Bb6 11. Bb2 Qd7 12. b4 Rad8 13. b5 Na7 14. c4 dxe4 15.
Nxe4 Bxf3 16. Nxf6+ gxf6 17. Bxf3 Qxd3 18. Qxd3 Rxd3 19. Bxb7 Red8 20. Be4 Rb3
21. Rab1 Nc8 22. Bc2 Rxb2 23. Rxb2 Kg7 24. Rd1 Nd6 25. Bb3 Bd4 26. Re2 f5 27.
a4 f4 28. Kf1 Nb7 29. Ba2 Nc5 30. Rxe5 Nxa4 31. Re4 Bf6 32. Rxd8 Bxd8 33. Re8
Bf6 34. Rc8 Be5 35. Ra8 Bc3 36. Bb3 Nc5 37. Bc2 Ne6 38. Ke2 h5 39. Kd3 Bb4 40.
Ke4 Kf6 41. Kd5 Nc5 42. Kc6 Ne6 43. Ra7 Be1 44. c5 Bxf2 45. b6 cxb6 46. cxb6
Nd4+ 47. Kd5 Nxc2 48. Ra6 Bxb6 49. Rxb6+ Kf5 50. Rb5 {Time forfeit} 1-0

[Event "Rated Blitz game"]
[Site "?"]
[Date "2021.05.19"]
[Round "?"]
[White "Suffkopf97"]
[Black "DonCroccante"]
[Result "0-1"]
[WhiteElo "2450"]
[BlackElo "2422"]
[PlyCount "124"]
[EventDate "2021.??.??"]
[EventType "blitz"]

1. e4 e5 2. Nf3 d5 3. exd5 e4 4. Ne5 Nf6 5. c4 c6 6. Nc3 Bd6 7. d4 O-O 8. dxc6
Nxc6 9. Nxc6 bxc6 10. Be2 Qc7 11. Be3 Bxh2 12. g3 Bxg3 13. fxg3 Qxg3+ 14. Kd2
Rb8 15. b3 Ng4 16. Bxg4 Bxg4 17. Qg1 Qxg1 18. Raxg1 f5 19. Bf4 Rbe8 20. Ke3 h6
21. Be5 Kh7 22. Rh4 g5 23. Rhxg4 fxg4 24. Rxg4 Kg6 25. Nxe4 Rf1 26. Rg2 Re1+
27. Kd3 Rf8 28. Nd2 h5 29. c5 h4 30. Kc4 h3 31. Rh2 g4 32. d5 cxd5+ 33. Kxd5
Rf5 34. Nc4 Rexe5+ 35. Nxe5+ Kf6 36. c6 Rxe5+ 37. Kd6 Re1 38. Kd7 Rd1+ 39. Ke8
Kg5 40. c7 Rc1 41. Kd7 Kh4 42. c8=Q Rxc8 43. Kxc8 g3 44. Rc2 h2 45. b4 h1=Q 46.
b5 Qe4 47. Rc7 Qe6+ 48. Kb7 g2 49. Rc6 Qxc6+ 50. bxc6 g1=Q 51. c7 Qb6+ 52. Kc8
Qb2 53. Kd8 Qd2+ 54. Kc8 Qc2 55. Kd8 Qc3 56. c8=Q Qc4 57. Qxc4+ Kh3 58. Qe6+
Kh2 59. Kd7 Kh1 60. Kd6 Kh2 61. Ke5 Kh1 62. Ke4 Kh2 {Time forfeit} 0-1

[Event "Rated Blitz game"]
[Site "?"]
[Date "2021.05.19"]
[Round "?"]
[White "cyrilortega62"]
[Black "DonCroccante"]
[Result "1-0"]
[WhiteElo "2476"]
[BlackElo "2462"]
[PlyCount "65"]
[EventDate "2021.??.??"]
[EventType "blitz"]

1. e4 e5 2. Nf3 d5 3. Nxe5 Bd6 4. d4 dxe4 5. Nxf7 Kxf7 6. Bc4+ Kf8 7. O-O Nf6
8. f3 Qe7 9. fxe4 Qxe4 10. Nc3 Qh4 11. g3 Bxg3 12. hxg3 Qxg3+ 13. Kh1 Bh3 14.
Qf3 Qh4 15. Bg5 Bg2+ 16. Kxg2 Qxg5+ 17. Qg3 Qxg3+ 18. Kxg3 Nc6 19. Nd5 Nxd4 20.
Nxf6 gxf6 21. Rxf6+ Ke7 22. Rf7+ Kd6 23. Rd1 Kc5 24. Rxc7+ Nc6 25. b3 Kb6 26.
Rdd7 Rab8 27. Bd5 a5 28. a3 h5 29. Kh4 Rhf8 30. c4 Rf1 31. Kxh5 Rg8 32. Rxb7+
Kc5 33. Bxg8 {Normal} 1-0